00925cam a22002531 4500001001300000003000400013005001700017008004100034010001700075035002000092040004100112042001200153050003100165100003000196245006800226260007000294300003700364490006600401500008100467504003200548651005100580650002300631999001700654sd 47000001 DLC20260227112735.0950208s1946 nyu b 000 0 eng c asd 47000001  a(OCoLC)31953005 aU.S. Dept. of state. Libr.cIENdDLC apremarc00aD410b.F65 vol. 22, no. 191 aHutcheson, Harold,d1912-10aImpact of U.S. economy on world trade,cby Harold H. Hutcheson. aNew York, N.Y.,bForeign Policy Association, Incorporatedc[1946] a1 p. l., 231-239, [1] p.c27 cm.0 aForeign policy reports,vvol. XXII, no. 19. December 15, 1946 a"The trend of imports, by Harold H. Hutcheson and O.K.D. Ringwood": p. [240] aBibliographical foot-notes. 0aUnited StatesxEconomic conditionsy1918-1945. 0aCommercexHistory. c89973d89973